[Event "Challenge"]
[Site "http://www.queenalice.com/game.php?id=1827839"]
[Date "2023.12.23"]
[Round "-"]
[White "jogo"]
[Black "Diego_Silveira"]
[Result "0-1"]
[WhiteElo "1827"]
[BlackElo "2197"]

1. e4 c6 2. d4 d5 3. Nc3 dxe4 4. Nxe4 Bf5 5. Ng3 Bg6 6. h4 h6 7. Nf3 Nd7 8. h5
Bh7 9. Bd3 Bxd3 10. Qxd3 e6 11. Bd2 Ngf6 12. O-O-O Be7 13. Rde1 O-O 14. Kb1 Qb6
0-1

[Event "Challenge"]
[Site "http://www.queenalice.com/game.php?id=1827840"]
[Date "2023.12.23"]
[Round "-"]
[White "Diego_Silveira"]
[Black "jogo"]
[Result "1-0"]
[WhiteElo "2198"]
[BlackElo "1708"]

1. d4 Nf6 2. c4 g6 3. Nc3 d5 4. cxd5 Nxd5 5. e4 Nxc3 6. bxc3 Bg7 7. Bc4 O-O 8.
Ne2 Bg4 9. f3 Bd7 10. O-O b5 11. Bb3 a5 12. a4 bxa4 13. Bxa4 Bxa4 14. Qxa4 c6
15. Ba3 Qc7 16. Rab1 Re8 17. Rb2 1-0

[Event "AUTO-MASTER-3196"]
[Site "http://www.queenalice.com/game.php?id=1828074"]
[Date "2023.12.28"]
[Round "1"]
[White "Mateuzao_99"]
[Black "Diego_Silveira"]
[Result "1/2-1/2"]
[WhiteElo "2001"]
[BlackElo "2198"]

1. e4 c6 2. d4 d5 3. e5 c5 4. c3 Nc6 5. Nf3 Bg4 6. Be2 e6 7. O-O Qb6 8. Qb3 Qxb3
9. axb3 a6 10. Be3 cxd4 11. Bxd4 Nxd4 12. Nxd4 Bxe2 13. Nxe2 Ne7 14. Nd2 Nc6 15.
f4 Bc5+ 16. Kh1 O-O 17. Nf3 Rac8 18. Rfd1 Rfd8 19. Ned4 Nxd4 20. Nxd4 Kf8 21. g4
Ke7 22. Kg2 Rd7 23. h4 Bxd4 24. Rxd4 Rdc7 25. Kf3 Rc6 26. Rc1 R8c7 27. f5 b5 28.
Kf4 a5 29. g5 exf5 30. Rxd5 Rc5 31. Rxc5 Rxc5 32. Kxf5 f6 33. Re1 g6+ 34. Kf4 f5
35. Rd1 a4 36. b4 Rc4+ 37. Rd4 Rc6 38. Rd3 1/2-1/2

[Event "AUTO-MASTER-3196"]
[Site "http://www.queenalice.com/game.php?id=1828075"]
[Date "2023.12.28"]
[Round "1"]
[White "Diego_Silveira"]
[Black "Mateuzao_99"]
[Result "1-0"]
[WhiteElo "2199"]
[BlackElo "2053"]

1. d4 d5 2. c4 e6 3. Nf3 Nf6 4. Bg5 Be7 5. e3 O-O 6. Nc3 Nbd7 7. Rc1 Re8 8. cxd5
Nxd5 9. Bxe7 Qxe7 10. Bd3 c6 11. Qc2 g6 12. h4 e5 13. Nxd5 cxd5 14. Nxe5 Nxe5
15. dxe5 Qxe5 16. h5 Be6 17. hxg6 fxg6 18. Bxg6 hxg6 19. Qxg6+ Qg7 20. Qxg7+
Kxg7 21. Rc7+ Bf7 22. Rxb7 Reb8 23. Rxb8 Rxb8 24. b3 Rc8 25. Kd2 Bg6 26. Rc1
Rxc1 27. Kxc1 Bd3 28. Kd2 Bf1 29. g3 Bg2 30. Kc3 Kf6 31. Kd4 a6 32. b4 Bf3 33.
a4 Ke7 34. Kc5 1-0

[Event "AUTO-MASTER-3196"]
[Site "http://www.queenalice.com/game.php?id=1828090"]
[Date "2023.12.28"]
[Round "1"]
[White "Diego_Silveira"]
[Black "CCapivara"]
[Result "0-1"]
[WhiteElo "2207"]
[BlackElo "2297"]

1. c4 e5 2. Nc3 f5 3. d3 Nf6 4. g3 d6 5. Bg2 c6 6. a3 Be7 7. Rb1 O-O 8. e3 Be6
9. Nge2 Nbd7 10. b4 Qe8 11. Bb2 Qh5 12. Nc1 Qh6 13. N3e2 Rad8 14. Qc2 d5 15. c5
g5 16. Nb3 f4 17. gxf4 gxf4 18. Kd2 Ng4 19. Rbg1 fxe3+ 20. Kc1 exf2+ 21. Kb1
fxg1=Q+ 22. Rxg1 Kh8 23. h3 Ne3 24. Qd2 d4 25. Nexd4 exd4 26. Bxd4+ Bf6 27. Bxe3
Qh5 28. Nd4 Bf7 29. Be4 Ne5 30. Qf2 Bg6 31. Ne6 Nxd3 32. Bxg6 hxg6 33. Qf1 Qe5
0-1

[Event "AUTO-MASTER-3196"]
[Site "http://www.queenalice.com/game.php?id=1828091"]
[Date "2023.12.28"]
[Round "1"]
[White "CCapivara"]
[Black "Diego_Silveira"]
[Result "0-1"]
[WhiteElo "2262"]
[BlackElo "2206"]

1. e4 c6 2. d4 d5 3. exd5 cxd5 4. Nf3 Nf6 5. Bd3 g6 6. O-O Bg7 7. c3 O-O 8. Re1
Nc6 9. Bf4 Qb6 10. b4 Re8 11. Nbd2 Bg4 12. Qc2 Rac8 13. Ne5 Nxb4 14. Qb1 Nxd3
15. Qxd3 Bf5 16. Qe3 Ng4 17. Nxg4 Bxg4 18. Nb3 Qc6 19. Rac1 b6 20. h3 Bd7 21.
Be5 f6 22. Bg3 e6 23. Na1 Qa4 24. Re2 Bb5 25. Rb2 Bc4 26. Nb3 Qa3 27. Rcb1 Rc6
28. Rc2 Qa6 29. Rd1 Qa3 30. Rb1 Qa6 31. Rd1 Rec8 32. Rdc1 Qa3 33. Rb1 Kf7 34.
Kh2 Bf8 35. Bh4 Qa6 36. Rd1 b5 37. g4 b4 38. cxb4 Bxb4 39. Qh6 Rh8 40. Qf4 Bd6
0-1

[Event "AUTO-MASTER-3196"]
[Site "http://www.queenalice.com/game.php?id=1828092"]
[Date "2023.12.28"]
[Round "1"]
[White "Diego_Silveira"]
[Black "Kapablanca"]
[Result "1-0"]
[WhiteElo "2192"]
[BlackElo "2042"]

1. Nf3 e6 2. c4 d5 3. d4 c6 4. Nc3 f5 5. cxd5 cxd5 6. Bf4 a6 7. e3 Nf6 8. Ne5
Bd6 9. h4 O-O 10. h5 Nbd7 11. h6 Bxe5 12. dxe5 Ng4 13. hxg7 Rf7 14. Qd4 Rxg7 15.
f3 Ngxe5 16. Bxe5 Nxe5 17. Qxe5 Bd7 18. Rh3 Rc8 19. Rg3 Rxg3 20. Qxg3+ Kf7 21.
Rb1 Qf6 22. Qd6 Bc6 23. Kf2 h5 24. Be2 h4 25. Rh1 Rd8 26. Qb4 1-0

[Event "AUTO-MASTER-3196"]
[Site "http://www.queenalice.com/game.php?id=1828093"]
[Date "2023.12.28"]
[Round "1"]
[White "Kapablanca"]
[Black "Diego_Silveira"]
[Result "0-1"]
[WhiteElo "2106"]
[BlackElo "2177"]

1. d4 d5 2. Nf3 Nf6 3. g3 c6 4. Bg2 Bf5 5. O-O e6 6. c3 Nbd7 7. Re1 Be7 8. Nfd2
O-O 9. e4 dxe4 10. Nxe4 Qb6 11. Nbd2 c5 12. dxc5 Nxc5 13. Nxc5 Bxc5 14. Rf1 Bd3
15. Nf3 Bxf1 16. Qxf1 Ng4 0-1

[Event "AUTO-MASTER-3196"]
[Site "http://www.queenalice.com/game.php?id=1835144"]
[Date "2024.4.14"]
[Round "2"]
[White "andrevillares"]
[Black "Diego_Silveira"]
[Result "1/2-1/2"]
[WhiteElo "2121"]
[BlackElo "2212"]

1. d4 d5 2. c4 c6 3. Nc3 Nf6 4. Nf3 a6 5. cxd5 cxd5 6. g3 b5 7. Bg2 Bb7 8. O-O
e6 9. Bg5 Be7 10. Rc1 Nbd7 11. Re1 O-O 12. a3 Rc8 13. Ne5 b4 14. axb4 Bxb4 15.
Nxd7 Qxd7 16. Bxf6 gxf6 17. e4 dxe4 18. Bxe4 Bxe4 19. Rxe4 Bxc3 20. bxc3 Qd5 21.
Qg4+ Kh8 22. Qh4 Qg5 23. Qxg5 fxg5 24. c4 Rc6 25. Re5 h6 26. d5 exd5 27. Rxd5
Rfc8 28. Ra5 Rxc4 29. Rxc4 Rxc4 30. Rxa6 Kg7 31. Kg2 f6 1/2-1/2

[Event "AUTO-MASTER-3196"]
[Site "http://www.queenalice.com/game.php?id=1835145"]
[Date "2024.4.14"]
[Round "2"]
[White "Diego_Silveira"]
[Black "andrevillares"]
[Result "1-0"]
[WhiteElo "2205"]
[BlackElo "1887"]

1. Nf3 Nf6 2. g3 d5 3. c4 g6 4. d4 Bg7 5. Bg2 O-O 6. O-O Nc6 7. Nc3 Bf5 8. Qb3
Na5 9. Qb4 Nxc4 10. Qxb7 a5 11. Ne5 Nd6 12. Qb3 Nde4 13. Qa3 Ra6 14. Be3 Nxc3
15. bxc3 Ne4 16. f3 Nd6 17. Qc5 Nb7 18. Qa3 c5 19. Nd3 cxd4 20. Bxd4 Bxd4+ 21.
cxd4 Nd6 22. Nc5 Ra7 23. Rfd1 Nc4 24. Qc1 Qd6 25. e4 Bc8 26. Rb1 Rd8 27. e5 Qc7
28. f4 Bf5 29. Rb3 a4 30. Rc3 Bg4 31. Re1 h5 32. Bxd5 Rxd5 33. Rxc4 Qb6 34. Qb1
Qxb1 35. Rxb1 Be2 36. Rcb4 a3 37. Kf2 Bg4 38. Ke3 Rad7 39. Nxd7 Rxd7 40. R1b3
Ra7 41. d5 Kg7 42. Rb7 Ra5 43. Kd4 Kf8 44. Rb8+ Kg7 45. R8b5 Ra4+ 46. R3b4 Ra7
47. d6 exd6 48. exd6 Rd7 49. Kc5 Kf6 50. Rb7 Be6 51. Rxd7 Bxd7 52. Rb7 Be6 53.
Ra7 Bxa2 54. Rxa3 Be6 55. Ra7 Bf5 56. Kc6 Be6 57. Re7 Bh3 58. Re5 Bf5 59. Kc7 g5
60. d7 Bxd7 61. Kxd7 gxf4 62. gxf4 1-0

[Event "AUTO-MASTER-3196"]
[Site "http://www.queenalice.com/game.php?id=1835150"]
[Date "2024.4.14"]
[Round "2"]
[White "Diego_Silveira"]
[Black "Guilherme_Ottoni"]
[Result "0-1"]
[WhiteElo "2216"]
[BlackElo "2214"]

1. d4 d5 2. c4 dxc4 3. Nf3 a6 4. a4 Nf6 5. e3 Bg4 6. Bxc4 e6 7. O-O Nc6 8. b3
Bd6 9. Bb2 Qe7 10. Nbd2 e5 11. d5 Na5 12. e4 O-O 13. Be2 Rfe8 14. Re1 Bxf3 15.
Bxf3 Bb4 16. Rc1 Bxd2 17. Qxd2 Nxb3 18. Qc2 Nxc1 19. Rxc1 Rac8 20. Qb3 c6 21.
dxc6 Rxc6 22. Rxc6 bxc6 23. Qb6 Qd6 24. Qxa6 Rb8 25. Qe2 Rb4 26. Qc2 Rb8 27. h3
h6 28. Qc3 c5 29. Qxe5 Qxe5 30. Bxe5 Rb1+ 31. Kh2 Rb4 32. Bd6 Nxe4 33. Bxe4 Rxe4
34. Bxc5 Rxa4 35. Be3 Kh7 36. Kg3 Kg6 37. Kf3 f5 38. g3 Kf6 39. h4 g5 40. hxg5+
hxg5 41. Ke2 g4 42. Kd3 Ke5 43. Bg5 Ra3+ 44. Ke2 Ke4 45. Bd2 Ra2 46. Ke1 Kd3 47.
Bc1 Ra1 48. Kd1 Rxc1+ 0-1

[Event "AUTO-MASTER-3196"]
[Site "http://www.queenalice.com/game.php?id=1835151"]
[Date "2024.4.14"]
[Round "2"]
[White "Guilherme_Ottoni"]
[Black "Diego_Silveira"]
[Result "1-0"]
[WhiteElo "2180"]
[BlackElo "2229"]

1. e4 c6 2. d4 d5 3. exd5 cxd5 4. c4 Nf6 5. Nc3 dxc4 6. Bxc4 e6 7. Nf3 Be7 8.
O-O O-O 9. Qe2 b6 10. Bg5 Bb7 11. Rad1 Re8 12. Rfe1 Nd5 13. Bxe7 Rxe7 14. a3
Nxc3 15. bxc3 Bd5 16. Ne5 f6 17. Nf3 Kf7 18. Bxd5 Qxd5 19. Qd3 g6 20. c4 Qb7 21.
Nd2 Nd7 22. Ne4 Qc6 23. Qf3 Kg7 24. d5 exd5 25. cxd5 Ne5 26. dxc6 Nxf3+ 27. gxf3
Rae8 28. Rd7 f5 29. Rxe7+ Rxe7 30. Rc1 1-0

[Event "AUTO-MASTER-3196"]
[Site "http://www.queenalice.com/game.php?id=1835152"]
[Date "2024.4.14"]
[Round "2"]
[White "Diego_Silveira"]
[Black "jogador58"]
[Result "1/2-1/2"]
[WhiteElo "2209"]
[BlackElo "2159"]

1. Nf3 f5 2. d3 e6 3. e4 d5 4. Bg5 Be7 5. Bxe7 Qxe7 6. e5 Qb4+ 7. Nbd2 Qxb2 8.
d4 h6 9. Nh4 Ne7 10. Qh5+ Kf8 11. Nb3 Qc3+ 12. Kd1 Nbc6 13. Bb5 a6 14. Bxc6 bxc6
15. Ng6+ Nxg6 16. Qxg6 a5 17. a4 Rb8 18. Rb1 Rb4 19. Re1 Rxa4 20. Re3 Qc4 21.
Kd2 Qb5 22. Rbe1 Rc4 23. g4 a4 24. Nc1 Rxd4+ 25. Rd3 Rxg4 26. Qh5 g6 27. Qh3 c5
28. f3 Rd4 29. Rg1 Rxd3+ 30. Nxd3 Kg7 31. Qh5 Qe8 32. Nf4 g5 33. Rxg5+ hxg5 34.
Qxg5+ Kh7 35. Qh4+ Kg7 36. Qf6+ Kh7 37. Qh4+ Kg8 38. Qg5+ Kh7 39. Qh4+ 1/2-1/2

[Event "AUTO-MASTER-3196"]
[Site "http://www.queenalice.com/game.php?id=1835153"]
[Date "2024.4.14"]
[Round "2"]
[White "jogador58"]
[Black "Diego_Silveira"]
[Result "0-1"]
[WhiteElo "2178"]
[BlackElo "2201"]

1. c4 c5 2. Nc3 Nf6 3. Nf3 d5 4. cxd5 Nxd5 5. g3 Nc6 6. Bg2 e5 7. d3 Be6 8. O-O
Be7 9. Nxd5 Bxd5 10. Be3 O-O 11. Qa4 f5 12. Rfc1 b6 13. a3 Nd4 14. Qd1 Nb3 15.
Nxe5 Nxa1 16. Rxa1 Bxg2 17. Kxg2 Qd5+ 18. Nf3 g5 19. Kg1 f4 20. Bd2 g4 21. Ne1
f3 22. e4 Qh5 23. Be3 Bf6 24. Rb1 Rad8 25. b4 Bd4 26. Bxd4 Rxd4 27. Qb3+ Kg7 28.
bxc5 Qxc5 29. Qe6 Qh5 30. Rc1 Rf7 31. Rc3 Rfd7 32. e5 Qg6 0-1

[Event "Challenge"]
[Site "http://www.queenalice.com/game.php?id=1843282"]
[Date "2024.9.6"]
[Round "-"]
[White "Diego_Silveira"]
[Black "FLeicher"]
[Result "1/2-1/2"]
[WhiteElo "2212"]
[BlackElo "2145"]

1. d4 d5 2. c4 e6 3. Nf3 Nf6 4. Bg5 Be7 5. e3 Nbd7 6. Nc3 c6 7. Rc1 O-O 8. cxd5
exd5 9. Bd3 h6 10. Bh4 g6 11. Qc2 Kg7 12. g4 Nh7 13. Bg3 Ndf6 14. Be5 Rg8 15. g5
hxg5 16. h4 gxh4 17. Rxh4 Bd6 18. Ke2 Nf8 19. Rch1 Bxe5 20. Nxe5 Nh5 21. a3 Be6
22. b4 Rc8 23. R4h2 Rh8 24. Kd2 Qe8 25. Ne2 Rh7 26. Nf3 Nf6 27. Ng5 Rxh2 28.
Rxh2 N8h7 29. Nxe6+ Qxe6 30. Nf4 Qe8 31. Rg2 Nf8 32. Kd1 Rc7 33. Qe2 Re7 34. Qf3
Ne4 35. Nh5+ Kh8 36. Nf6 Nxf6 37. Qxf6+ Kg8 38. Rh2 Nh7 39. Qh4 f5 40. Rg2 Rg7
41. Qh6 Qf7 42. Rh2 Qf6 43. Qf4 Qd8 44. Rg2 Qf8 45. Qh6 Qf7 46. Rh2 a6 47. Rg2
Qf6 48. Qf4 Qf7 1/2-1/2

[Event "AUTO-MASTER-3178"]
[Site "http://www.queenalice.com/game.php?id=1843403"]
[Date "2024.9.9"]
[Round "2"]
[White "Diego_Silveira"]
[Black "diedoofen"]
[Result "0-1"]
[WhiteElo "2206"]
[BlackElo "2570"]

1. Nf3 c5 2. c4 Nc6 3. g3 h5 4. Nc3 g6 5. Bg2 Bg7 6. O-O d6 7. d3 Bd7 8. Rb1 Rb8
9. a3 a6 10. Bd2 b5 11. cxb5 axb5 12. Ng5 b4 13. axb4 Nxb4 14. Qb3 Nh6 15. Nd5
Nc6 16. Qc4 e6 17. Nc3 Nd4 18. Nge4 Nhf5 19. Nxd6+ Nxd6 20. Qxc5 Nb3 21. Qxd6
Nxd2 22. Ne4 Nxf1 23. Kxf1 Qb6 24. Qa3 Qb4 25. Nd6+ Ke7 26. Qxb4 Rxb4 0-1

[Event "AUTO-MASTER-3178"]
[Site "http://www.queenalice.com/game.php?id=1843404"]
[Date "2024.9.9"]
[Round "2"]
[White "diedoofen"]
[Black "Diego_Silveira"]
[Result "1-0"]
[WhiteElo "2569"]
[BlackElo "2207"]

1. e4 c6 2. d4 d5 3. Nc3 dxe4 4. Nxe4 Nf6 5. Nxf6+ exf6 6. Nf3 Bf5 7. Be3 Bd6 8.
Bd3 Bxd3 9. Qxd3 O-O 10. O-O Re8 11. c4 Qc7 12. a3 Nd7 13. b4 Bf4 14. Bxf4 Qxf4
15. Rfe1 Kf8 16. Qxh7 Rxe1+ 17. Rxe1 Qh6 18. Qe4 1-0

[Event "AUTO-MASTER-3178"]
[Site "http://www.queenalice.com/game.php?id=1843405"]
[Date "2024.9.9"]
[Round "2"]
[White "Diego_Silveira"]
[Black "tana"]
[Result "1-0"]
[WhiteElo "2207"]
[BlackElo "2000"]

1. d4 d5 2. c4 Nc6 3. Nf3 e6 4. Nc3 Nf6 5. Bg5 Be7 6. e3 h6 7. Bh4 O-O 8. Rc1
Ne4 9. Bxe7 Qxe7 10. cxd5 Nxc3 11. bxc3 exd5 12. Bd3 Bg4 13. Qb3 Bxf3 14. gxf3
Qd6 15. f4 Na5 16. Qc2 Nc4 17. Rg1 Qf6 18. Qb3 Qb6 19. Bxc4 dxc4 20. Qxc4 Rad8
21. Ke2 Qb2+ 22. Kf3 Qb6 23. Rb1 Qc6+ 24. Qxc6 bxc6 25. Rb7 Ra8 26. Rxc7 Rfc8
27. Rb7 g6 28. h4 Kg7 29. h5 Kf6 30. e4 a5 31. hxg6 fxg6 32. Rh7 h5 33. Rh6 Rg8
34. f5 Kg7 35. Rgxg6+ Kf7 36. Rh7+ Kf8 37. Rxg8+ Kxg8 38. Rxh5 Kg7 39. Rg5+ Kf7
40. Rg6 1-0

[Event "AUTO-MASTER-3178"]
[Site "http://www.queenalice.com/game.php?id=1843406"]
[Date "2024.9.9"]
[Round "2"]
[White "tana"]
[Black "Diego_Silveira"]
[Result "0-1"]
[WhiteElo "1992"]
[BlackElo "2209"]

1. d4 d5 2. e3 Nf6 3. Bd3 c5 4. dxc5 e5 5. c3 e4 6. Bb5+ Bd7 7. Bxd7+ Nbxd7 8.
Ne2 Bxc5 9. O-O O-O 10. Nd4 Ne5 11. Nd2 Rc8 12. N2b3 Bd6 13. Nf5 Bb8 14. Nbd4
Nd3 15. f3 Qc7 16. f4 a6 17. a4 Ba7 18. g4 Rfe8 19. Ra3 h6 20. b4 Bxd4 21. exd4
Kf8 22. Qd2 Re6 23. g5 hxg5 24. fxg5 Ng8 25. Ne3 Qd6 26. Nf5 Qc7 27. Nh4 Ne7 28.
b5 Qc4 29. Bb2 e3 30. Qg2 e2 0-1

[Event "AUTO-ELITE-2566"]
[Site "http://www.queenalice.com/game.php?id=1850207"]
[Date "2025.1.11"]
[Round "1"]
[White "Diego_Silveira"]
[Black "RaulSoft"]
[Result "0-1"]
[WhiteElo "2196"]
[BlackElo "2649"]

1. e4 e5 2. Nf3 Nc6 3. d4 exd4 4. Nxd4 Nf6 5. Nc3 Bb4 6. Nxc6 bxc6 7. Qd4 Qe7 8.
Bd3 Bc5 9. Qa4 Ng4 10. Be3 Nxe3 11. fxe3 Bxe3 12. Ne2 Rb8 13. b3 Rb4 14. Qa5 O-O
15. Qxc7 Rxe4 16. Bxe4 Qxe4 17. Qg3 Re8 18. Rf1 Qxc2 19. Rd1 Ba6 20. Qf3 f6 21.
h4 Bxe2 22. Qxe2 Qc3+ 0-1

[Event "AUTO-ELITE-2566"]
[Site "http://www.queenalice.com/game.php?id=1850212"]
[Date "2025.1.11"]
[Round "1"]
[White "Sexxy_Bunny"]
[Black "Diego_Silveira"]
[Result "1-0"]
[WhiteElo "2673"]
[BlackElo "2213"]

1. e4 c6 2. d4 d5 3. e5 Bf5 4. Nf3 e6 5. Be2 Nd7 6. O-O Qb6 7. Nc3 Rc8 8. Na4
Qc7 9. a3 c5 10. dxc5 Nxe5 11. Nxe5 Qxe5 12. Re1 Qf6 13. Bb5+ Kd8 14. c4 d4 15.
Bf4 a6 16. Be5 1-0

[Event "AUTO-ELITE-2566"]
[Site "http://www.queenalice.com/game.php?id=1850213"]
[Date "2025.1.11"]
[Round "1"]
[White "Diego_Silveira"]
[Black "Sexxy_Bunny"]
[Result "0-1"]
[WhiteElo "2210"]
[BlackElo "2672"]

1. e4 c5 2. c3 Nf6 3. e5 Nd5 4. d4 cxd4 5. cxd4 d6 6. Nf3 Nc6 7. Be2 e6 8. O-O
Be7 9. Nc3 Nxc3 10. bxc3 dxe5 11. Nxe5 Nxe5 12. dxe5 Qa5 13. Qb3 Qxe5 14. Bb5+
Kf8 15. Ba3 Qc7 16. Rad1 g6 17. c4 Kg7 18. Bb2+ f6 19. Rfe1 Rd8 20. Rxd8 Qxd8
21. Rd1 Qc7 22. Qd3 e5 23. Qd5 Bg4 24. f3 Rd8 0-1

[Event "AUTO-MASTER-3255"]
[Site "http://www.queenalice.com/game.php?id=1852965"]
[Date "2025.2.26"]
[Round "1"]
[White "Diego_Silveira"]
[Black "CCapivara"]
[Result "0-1"]
[WhiteElo "2214"]
[BlackElo "2225"]

1. d4 d6 2. c4 Nf6 3. Nc3 c6 4. e4 Qa5 5. Bd3 e5 6. d5 Be7 7. Ne2 O-O 8. O-O Bg4
9. Qb3 Qc7 10. Be3 Nbd7 0-1

[Event "AUTO-MASTER-3255"]
[Site "http://www.queenalice.com/game.php?id=1852966"]
[Date "2025.2.26"]
[Round "1"]
[White "CCapivara"]
[Black "Diego_Silveira"]
[Result "1-0"]
[WhiteElo "2202"]
[BlackElo "2208"]

1. e4 c6 2. d4 d5 3. exd5 cxd5 4. Nf3 Nc6 5. Bd3 Nf6 6. c3 Bg4 7. O-O e6 8. Bg5
Be7 9. Nbd2 O-O 10. Qa4 Re8 11. Ne5 Nxe5 12. dxe5 Nd7 13. Bxe7 Qxe7 14. Qxg4
Nxe5 15. Bxh7+ Kxh7 16. Qh5+ Kg8 17. Qxe5 1-0